|
|
|
|
| LEADER |
00000naa2a2200000 4500 |
| 001 |
626802 |
| 005 |
20231101133429.0 |
| 035 |
|
|
|a (RuTPU)RU\TPU\conf\26429
|
| 035 |
|
|
|a RU\TPU\conf\26427
|
| 090 |
|
|
|a 626802
|
| 100 |
|
|
|a 20180802d2018 k y0rusy50 ca
|
| 101 |
0 |
|
|a rus
|
| 102 |
|
|
|a RU
|
| 105 |
|
|
|a y z 101zy
|
| 135 |
|
|
|a drgn ---uucaa
|
| 181 |
|
0 |
|a i
|
| 182 |
|
0 |
|a b
|
| 200 |
1 |
|
|a Влияние концентрации добавки бора на спекание и свойства керамики на основе карбида кремния полученной методом искрового плазменного спекания
|f А. В. Феоктистов, Н. А. Попова
|g науч. рук. В. А. Колесников
|
| 203 |
|
|
|a Текст
|c электронный
|
| 225 |
1 |
|
|a Химия и химическая технология неорганических веществ и материалов
|
| 230 |
|
|
|a 1 компьютерный файл (pdf; 663 Kb)
|
| 300 |
|
|
|a Заглавие с экрана
|
| 320 |
|
|
|a [Библиогр.: с. 154 (3 назв.)]
|
| 463 |
|
0 |
|0 (RuTPU)RU\TPU\conf\26227
|t Химия и химическая технология в XXI веке
|o материалы XIX Международной научно-практической конференции студентов и молодых ученых имени профессора Л. П. Кулёва, 21-24 мая 2018 г., г. Томск
|f Национальный исследовательский Томский политехнический университет
|v [С. 153-154]
|d 2018
|
| 610 |
1 |
|
|a электронный ресурс
|
| 610 |
1 |
|
|a добавки
|
| 610 |
1 |
|
|a бор
|
| 610 |
1 |
|
|a спекание
|
| 610 |
1 |
|
|a свойства
|
| 610 |
1 |
|
|a керамика
|
| 610 |
1 |
|
|a карбид кремния
|
| 610 |
1 |
|
|a искровое плазменное спекание
|
| 700 |
|
1 |
|a Феоктистов
|b А. В.
|
| 701 |
|
1 |
|a Попова
|b Н. А.
|
| 702 |
|
1 |
|a Колесников
|b В. А.
|4 727
|
| 712 |
0 |
2 |
|a Российский химико-технологический университет им. Д. И. Менделеева (РХТУ)
|c (Москва)
|2 stltpush
|3 (RuTPU)RU\TPU\col\55
|
| 801 |
|
2 |
|a RU
|b 63413507
|c 20180821
|g RCR
|
| 856 |
4 |
|
|u http://earchive.tpu.ru/handle/11683/49633
|
| 942 |
|
|
|c BK
|